Prawdziwi ludzie - Nagła śmierć #2 (USA) - Statystyki

Ogólne statystyki
  • Ten quiz został rozwiązany 109 razy
  • Średni wynik to 4 z 25
Answers on the Grid
Answers color-coded by a green-red scale on the quiz's grid according to % correct below.
Betsy Ross
Betty Boop
Betty Crocker
Billy the Kid
Blackbeard
Bonnie & Clyde
Brigham Young
Buffalo Bill Cody
Butch Cassidy
Ahab
Colonel Sanders
Crazy Horse
Daniel Boone
Davy Crockett
Doc Holliday
Erin Brockovich
Evel Knievel
Ferris Bueller
Forrest Gump
Fred Rogers
Geronimo
Hannibal Lecter
Harriet Tubman
Harry Houdini
Hester Prynne
Jason Bourne
Jay Gatsby
Jerry Seinfeld
Jimmy Hoffa
Juan Valdez
Orville Redenbacher
P. T. Barnum
Pancho Villa
Paul Bunyan
Paul Revere
Perry Mason
Scarlett O’Hara
Squanto
Wujek Sam
Vito Corleone
 
Statystyki odpowiedzi
Odpowiedź % Poprawnych
Billy the Kid
49%
Bonnie & Clyde
49%
Erin Brockovich
40%
Geronimo
30%
Harry Houdini
28%
Colonel Sanders
23%
Buffalo Bill Cody
21%
Betsy Ross
16%
Butch Cassidy
16%
Brigham Young
14%
Crazy Horse
14%
Davy Crockett
14%
Doc Holliday
14%
Fred Rogers
14%
Jerry Seinfeld
14%
Harriet Tubman
12%
Blackbeard
9%
Daniel Boone
9%
Evel Knievel
9%
Jimmy Hoffa
9%
Orville Redenbacher
9%
P. T. Barnum
7%
Pancho Villa
5%
Paul Revere
5%
Squanto
0%
Nie znaleziono quizów pasujących do podanych kryteriów
Rozkład punktacji
Procent ludzi z każdym wynikiem
Percentyl według liczby udzielonych odpowiedzi
Twoja historia wyników
Nie rozwiązałeś tego quizu